| 000 | 00759nam a22002535i 4500 | ||
|---|---|---|---|
| 001 | 11256 | ||
| 003 | ES-MaACL | ||
| 005 | 20250801101012.0 | ||
| 007 | t| | ||
| 008 | 921027s1992 sp ||||0| spa j | ||
| 020 | _a84-7100-301-5 | ||
| 040 |
_aM-BN _bspa _cM-BN |
||
| 080 | _a5/6(460=927)"07/14" | ||
| 100 | 1 |
_aSamsó, Julio. _9102207 |
|
| 245 | 1 | 4 |
_aLas ciencias de los antiguos en Al-Andalus / _cJulio Samsó. |
| 260 |
_aMadrid : _bMAPFRE, _cD.L. 1992. |
||
| 300 |
_a501 p : _bil ; _c24 cm. |
||
| 490 | 1 |
_aColección Al-Andalus ; _v7 |
|
| 500 | _aBibliografía. Indices. | ||
| 650 | 1 | 4 |
_aCiencia- _zAl-Andalus. _910930 |
| 830 | 0 | 0 |
_aColección Al-Andalus _v7 _9178982 |
| 852 |
_aES-MaACL _jL-18601 _bR.124221 |
||
| 999 |
_c11256 _d11256 |
||